Catálogo

Homilías sobre las críticas 1-2, Tito y Filemón / (Registro nro. 41157)

Detalles MARC
000 -LEADER
fixed length control field 01452cam a2200349 i 4500
001 - CONTROL NUMBER
control field 41157
003 - CONTROL NUMBER IDENTIFIER
control field Mx-PuUPA
005 - DATE AND TIME OF LATEST TRANSACTION
control field 20250328154434.0
008 - FIXED-LENGTH DATA ELEMENTS--GENERAL INFORMATION
fixed length control field 140415s2023 sp gr 001 0 spa d
017 ## - COPYRIGHT OR LEGAL DEPOSIT NUMBER
Copyright or legal deposit number M-34.664-2023
020 ## - INTERNATIONAL STANDARD BOOK NUMBER
International Standard Book Number 9788497155717
040 ## - CATALOGING SOURCE
Original cataloging agency Mx-PuUPA
Language of cataloging spa
Transcribing agency Mx-PuUPA
Modifying agency Mx-PuUPA
Description conventions rda
041 1# - LANGUAGE CODE
Language code of text/sound track or separate title spa
Language code of original und
100 0# - MAIN ENTRY--PERSONAL NAME
Personal name John Chrysostom,
Titles and words associated with a name Saint,
Dates associated with a name -407
Relator term autor
9 (RLIN) 16672
245 10 - TITLE STATEMENT
Title Homilías sobre las críticas 1-2, Tito y Filemón /
Statement of responsibility, etc. Juan Crisóstomo ; introducción, traducción y notas de Marcelo Merino Rodríguez
250 ## - EDITION STATEMENT
Edition statement 1a edición /
Remainder of edition statement diciembre
264 #1 - PRODUCTION, PUBLICATION, DISTRIBUTION, MANUFACTURE, AND COPYRIGHT NOTICE
Place of production, publication, distribution, manufacture Madrid, España :
Name of producer, publisher, distributor, manufacturer Editorial Ciudad Nueva,
Date of production, publication, distribution, manufacture, or copyright notice 2023
300 ## - PHYSICAL DESCRIPTION
Extent 633 páginas ;
Dimensions 21 cm
336 ## - CONTENT TYPE
Fuente rdacontent
Content type term texto
Content type code txt
337 ## - MEDIA TYPE
Source rdamedia
Media type term sin medio
Media type code n
338 ## - CARRIER TYPE
Source rdacarrier
Carrier type term volumen
Carrier type code nc
490 0# - SERIES STATEMENT
Series statement Biblioteca de Patrística ;
Volume/sequential designation 128
650 #7 - SUBJECT ADDED ENTRY--TOPICAL TERM
Source of heading or term armarc
Topical term or geographic name entry element Biblia
General subdivision Nuevo testamento
-- Epístolas a Timoteo
Form subdivision Crítica, interpretación, etc.
650 #7 - SUBJECT ADDED ENTRY--TOPICAL TERM
Source of heading or term armarc
Topical term or geographic name entry element Biblia
General subdivision Nuevo Testamento
-- Filemón
Form subdivision Crítica, interpretación, etc.
650 #7 - SUBJECT ADDED ENTRY--TOPICAL TERM
Source of heading or term armarc
Topical term or geographic name entry element Biblia
General subdivision Nuevo Testamento
-- Tito
Form subdivision Crítica, interpretación, etc.
700 1# - ADDED ENTRY--PERSONAL NAME
Personal name Merino Rodríguez, Marcelo,
Relator term traductor
-- autor de introducción y notas
942 ## - ADDED ENTRY ELEMENTS (KOHA)
Source of classification or shelving scheme Dewey Decimal Classification
Koha item type Libro
Classification part 225.601
Item part J5218
260 ## - PUBLICATION, DISTRIBUTION, ETC.
Place of publication, distribution, etc. MEXICO :
Name of publisher, distributor, etc. HILDA CAMACHO HUERTA,
Date of publication, distribution, etc. 2000.
Existencias
Withdrawn status Lost status Source of classification or shelving scheme Damaged status Not for loan Collection code Home library Current library Shelving location Date acquired Source of acquisition Cost, normal purchase price Total Checkouts Full call number Barcode Date last seen Cost, replacement price Price effective from Koha item type
    Dewey Decimal Classification     General Biblioteca Karol Wojtyla Biblioteca Karol Wojtyla Sala general 22/01/2025 1 1385.00   225.601 J5218 2023 105835 22/01/2025 1385.00 22/01/2025 Libro